When is ownership passed on? (Record no. 77620)
[ view plain ]
| 000 -LEADER | |
|---|---|
| fixed length control field | 01235cab a2200217 4500 |
| 001 - CONTROL NUMBER | |
| control field | ##L134683 |
| 008 - FIXED-LENGTH DATA ELEMENTS--GENERAL INFORMATION | |
| fixed length control field | 060825n2006 000 0 eng u |
| 035 ## - SYSTEM CONTROL NUMBER | |
| System control number | (Sirsi) u134683 |
| 041 0# - LANGUAGE CODE | |
| Language code of text/sound track or separate title | eng |
| 100 1# - MAIN ENTRY--PERSONAL NAME | |
| Personal name | Klein, Rudi |
| 245 00 - TITLE STATEMENT | |
| Title | When is ownership passed on? |
| 260 ## - PUBLICATION, DISTRIBUTION, ETC. | |
| Date of publication, distribution, etc. | 2006 |
| 490 #0 - SERIES STATEMENT | |
| Series statement | Construction News |
| Volume/sequential designation | (6976) 20 July 2006, 25(1) |
| 520 ## - SUMMARY, ETC. | |
| Summary, etc. | Examines the legal situation of a subcontractor or supplier when a main contractor or other subcontractor further up the contractual chain becomes insolvent. In English law, there is no protection for those engaged on construction projects in such a situation, and this position is exacerbated by the lack of protection in standard forms of contract. The decision in "P4 Ltd v Unite Integrated Solutions plc" ([2005] QBD, TCC, not reported) however, confirms that if a materials supplier has the benefit of a retention of title clause then this cannot be defeated by the claims of a party higher up the contractual chain. |
| 650 24 - SUBJECT ADDED ENTRY--TOPICAL TERM | |
| Topical term or geographic name entry element | P4 LTD V UNITE INTEGRATED SOLUTIONS PLC |
| 650 24 - SUBJECT ADDED ENTRY--TOPICAL TERM | |
| Topical term or geographic name entry element | FACTORS ACT 1889 |
| 650 24 - SUBJECT ADDED ENTRY--TOPICAL TERM | |
| Topical term or geographic name entry element | SALE OF GOODS ACT 1979 |
| 651 #4 - SUBJECT ADDED ENTRY--GEOGRAPHIC NAME | |
| Geographic name | England and Wales |
| Chronological subdivision | 1543- |
| 690 ## - LOCAL SUBJECT ADDED ENTRY--TOPICAL TERM (OCLC, RLIN) | |
| Topical term or geographic name as entry element | MANAGEMENT-DISPUTE AVOIDANCE, MANAGEMENT AND RESOLUTION |
| 942 ## - ADDED ENTRY ELEMENTS (KOHA) | |
| Suppress in OPAC | 0 |
| Withdrawn status | Lost status | Source of classification or shelving scheme | Damaged status | Not for loan | Home library | Current library | Shelving location | Date acquired | Total Checkouts | Full call number | Barcode | Date last seen | Copy number | Price effective from | Koha item type |
|---|---|---|---|---|---|---|---|---|---|---|---|---|---|---|---|
| Dewey Decimal Classification | London | London | Journal article | 25/08/2006 | L134683 | 134683-1001 | 06/08/2019 | 1 | 06/08/2019 | Journal article |